| 000 | 00919nam a2200253Ia 4500 | ||
|---|---|---|---|
| 003 | OSt | ||
| 005 | 20221005112145.0 | ||
| 006 | a|||||r|||| 00| 0 | ||
| 007 | ta | ||
| 008 | 221004b |||||||| |||| 00| 0 pan d | ||
| 020 |
_a9789384138660 (hbk) _cINR 150.00 |
||
| 024 | _a33199 | ||
| 037 |
_b790, 27/02/2017, H.K. Prakashan _cTextual |
||
| 040 |
_aCRL _cCRL _bpan |
||
| 041 |
_2pan _apan |
||
| 082 | _aO153,1NDH5x, Q5 | ||
| 100 | _aਢਿੱਲੋ੍ਵ, ਅਜੈਪਾਲ ਸਿੰਘ, ਂਚ. | ||
| 245 | 0 | _aਉਡੀਕਾਂ | |
| 260 |
_aਅੰਮ੍ਰਿਤਸਰ _bਕੇ. ਜੀ. ਗ੍ਰਾਖ਼ਿਕਸ ਭਾਰਤ _c2015 |
||
| 300 |
_a112ਪ੍ਰ0 _ccm. |
||
| 650 | _a ਪੰਜਾਬੀ ਕਾਵਿ | ||
| 942 |
_hO153,1NDH5x, Q5 _cTEXL _2cc |
||
| 999 |
_c1024007 _d1024007 |
||